Optimalizácia výrobnej linky v Plant Simulation s využitím nástroja Experiment Manager

Saved in:
Bibliographic Details
Main Author: Jurina, Tomáš (Author)
Other Authors: Babinec, Andrej (Thesis advisor)
Format: Manuscript Book
Language:Slovak
Published: Bratislava : STU v Bratislave FEI, 2023
Subjects:
Online Access:https://opac.crzp.sk/?fn=detailBiblioFormChildKG2BB&sid=08878EB2E7E37CD0989B70C0752B&seo=CRZP-detail-kniha
Tags: Add Tag
No Tags, Be the first to tag this record!

MARC

LEADER 00000ntm a22000003a 4500
001 stuzp91991
003 SK-STU
005 20241120142610.7
007 ta
008 150427s2015----xo-----f-mn---000-0-slo-d
040 |a STU  |b slo 
041 0 |a slo 
044 |a xo 
100 1 |a Jurina, Tomáš  |u 031000  |4 aut  |U FEI Fakulta elektrotechniky a informatiky  |T FEI Ústav robotiky a kybernetiky  |X 104247  |U E011  |Y 356  |7 104247 
242 0 1 |a Production Line Optimization in Plant Simulation Using the Experiment Manager Tool  |y eng 
245 1 0 |a Optimalizácia výrobnej linky v Plant Simulation s využitím nástroja Experiment Manager 
260 |a Bratislava :  |b STU v Bratislave FEI,  |c 2023 
300 |a 47 s. 
650 4 |a Experiment Manager  |2 slo 
650 4 |a Automatizácia simulácií  |2 slo 
650 4 |a Optimalizácia  |2 slo 
650 4 |a Experiment Manager  |2 eng 
650 4 |a Automation of simulations  |2 eng 
650 4 |a Optimization  |2 eng 
700 1 |a Babinec, Andrej  |u 031000  |k Z1  |4 ths  |U FEI Fakulta elektrotechniky a informatiky  |T FEI Ústav robotiky a kybernetiky  |X 11598  |U E011  |Y 356  |7 A000011598 
856 4 |u https://opac.crzp.sk/?fn=detailBiblioFormChildKG2BB&sid=08878EB2E7E37CD0989B70C0752B&seo=CRZP-detail-kniha